Footprints of Viśvakarmā : studies in Indian sculpture and architecture (Record no. 8096)

000 -LEADER
fixed length control field 00454nam a22001577a 4500
003 - CONTROL NUMBER IDENTIFIER
control field OSt
005 - DATE AND TIME OF LATEST TRANSACTION
control field 20200730110407.0
008 - FIXED-LENGTH DATA ELEMENTS--GENERAL INFORMATION
fixed length control field 200730b ||||| |||| 00| 0 eng d
020 ## - INTERNATIONAL STANDARD BOOK NUMBER
International Standard Book Number 9789353110505
082 ## - DEWEY DECIMAL CLASSIFICATION NUMBER
Classification number 726.145
Item number DHA
100 ## - MAIN ENTRY--PERSONAL NAME
Personal name Dhaky, Madhusudan A.
110 ## - MAIN ENTRY--CORPORATE NAME
Corporate name or jurisdiction name as entry element Snehal Shah(editor)
245 ## - TITLE STATEMENT
Title Footprints of Viśvakarmā : studies in Indian sculpture and architecture
260 ## - PUBLICATION, DISTRIBUTION, ETC. (IMPRINT)
Name of publisher, distributor, etc Akshara in collaboration with AIIS and LDII
942 ## - ADDED ENTRY ELEMENTS (KOHA)
Source of classification or shelving scheme
Holdings
Withdrawn status Lost status Source of classification or shelving scheme Damaged status Koha normalized classification for sorting Not for loan Permanent location Current location Date acquired Total Checkouts Full call number Barcode Date last seen Date last borrowed Price effective from Koha item type
        726_145000000000000_DHA   BMS College of Architecture, Design and Planning BMS College of Architecture, Design and Planning 2020-07-30 1 726.145 DHA AR-UG1923 2023-08-29 2023-05-09 2020-07-30 UG Books
Copyright © 2025, The Librarian, Library and Information Centre, BMSCA D&P, Bengaluru. All Rights Reserved
web counter

Powered by Koha